Piping and pipeline assessment guide

Bibliographic Details
Main Author: Escoe, A. Keith (Author)
Format: Book
Language:English
Published: Amsterdam; Boston : Elsevier/Gulf Professional Publishing , c2006
Series:Stationary equipment assessment series v. 1
Subjects:

MARC

LEADER 00000cam a2200000 7i4500
001 0000045839
005 20071001093000.0
008 071001s2006 ne a b 001 0 eng
020 |a 0750678801 
020 |a 9780750678803 
090 0 0 |a TJ930   |b .E83 2006 
100 1 |a Escoe, A. Keith ,   |e author 
245 1 0 |a Piping and pipeline assessment guide   |c A. Keith Escoe 
260 |a Amsterdam; Boston :   |b Elsevier/Gulf Professional Publishing ,   |c c2006 
300 |a xv, 555 p. :   |b ill. ;   |c 24 cm. 
440 0 |a Stationary equipment assessment series   |v v. 1 
504 |a Includes bibliographical references and index 
650 0 |a Pipelines   |x Maintenance and repair 
650 0 |a Piping   |x Maintenance and repair 
650 0 |a Service life (Engineering) 
999 |a 1000110771   |b Book   |c OPEN SHELF (30 DAYS)   |e Gong Badak Campus